000 00292nam a22001337a 4500
008 170627b xxu||||| |||| 00| 0 eng d
020 _a9780198730934
041 _aeng
080 _a94
100 _a16
101 _aSHH
245 _aTHE EUROPEAN REFORMATION
_cCAMERON,E
942 _2udc
_cBK
999 _c19169
_d19169